Jovellanos y los Colegios de las órdenes militares en la Universidad de Salamanca (Record no. 73138)

MARC details
000 -LEADER
campo de control de longitud fija 00838nam a2200205 i 4500
001 - NÚMERO DE CONTROL
campo de control 73138
003 - IDENTIFICADOR DE NÚMERO DE CONTROL
campo de control ES-MaACL
005 - FECHA Y HORA DE LA ÚLTIMA TRANSACCIÓN
campo de control 20240116184027.0
007 - CAMPO FIJO DE DESCRIPCIÓN FÍSICA--INFORMACIÓN GENERAL
campo de control de longitud fija t|
008 - DATOS DE LONGITUD FIJA--INFORMACIÓN GENERAL
campo de control de longitud fija 040907s1913 sp ||||1| spa d
100 1# - ENTRADA PRINCIPAL--NOMBRE DE PERSONA
Nombre de persona Gómez Centurión, José.
9 (RLIN) 57868
245 10 - MENCIÓN DEL TÍTULO
Título Jovellanos y los Colegios de las órdenes militares en la Universidad de Salamanca
Resto del título : colección de documentos en su casi totalidad inéditos con notas y comentarios insertos en el Boletín de la Real Academia de la Historia /
Mención de responsabilidad, etc. por José Gómez Centurión.
260 ## - PUBLICACIÓN, DISTRIBUCIÓN, ETC.
Lugar de publicación, distribución, etc. Madrid :
Nombre del editor, distribuidor, etc. Fortanet,
Fecha de publicación, distribución, etc. 1913.
300 ## - DESCRIPCIÓN FÍSICA
Extensión X, 389 p. ;
Dimensiones 25 cm.
600 10 - PUNTO DE ACCESO ADICIONAL DE MATERIA--NOMBRE DE PERSONA
Nombre de persona Jovellanos, Gaspar Melchor de,
Fechas asociadas al nombre 1744-1811
9 (RLIN) 222580
610 04 - PUNTO DE ACCESO ADICIONAL DE MATERIA--NOMBRE DE ENTIDAD CORPORATIVA
Nombre de entidad corporativa o nombre de jurisdicción como elemento de entrada Universidad de Salamanca.
9 (RLIN) 7275
650 04 - PUNTO DE ACCESO ADICIONAL DE MATERIA--TÉRMINO DE MATERIA
Término de materia o nombre geográfico como elemento de entrada Ordenes militares-
Subdivisión geográfica España.
9 (RLIN) 15746
852 ## - LOCALIZACIÓN
Ubicación ES-MaACL
Número de control de estantería F-10411
Holdings
Estatus retirado Estado de pérdida Estado de daño No para préstamo Biblioteca de origen Biblioteca actual Ubicación en estantería Fecha de adquisición Fuente de adquisición Total de préstamos Signatura topográfica completa Código de barras Visto por última vez Precio de reemplazo Tipo de ítem Koha
        Biblioteca del Ateneo de Madrid Biblioteca del Ateneo de Madrid Sala Pecera Planta 2 17/01/2008     F-10411 1076563 23/02/2023 23/02/2023 Libro impreso